00414nam a2200145Ia 4500003000400000008004100004040001600045082001800061100002100079245006800100260005300168300001000221650001800231650001900249GCL140319s9999 xx 000 0 eng d aGCL / cGCL04a629.8312bB N1 aBARMISH, B. ROSS10aNEW TOOLS FOR ROBUSTNESS OF LINEAR SYSTEMS / cBARMISH, B. ROSS a[S.N] : bMACMILLAN PUBLISHING COMPANY ، c1994 a394 P04aLINEAR SYSTEM04aCONTROL THEORY